000 00401nam a2200157Ia 4500
008 230917s9999||||xx |||||||||||||| ||und||
040 _e181703
_aMAIN
041 _aEnglish
082 _a005.133 D154P(5)
100 _aDale, Nell
245 0 _aProgramming and problem solving with C++
250 _a5th ed.
260 _aBoston
_bJones and Bartlett
_c2010
300 _axix, 1052 p.
942 _cBK
999 _c151432
_d151432